| 000 | 01955cam a2200469Ia 4500 | ||
|---|---|---|---|
| 001 | sjds509679 | ||
| 003 | sjds | ||
| 005 | 20170412122927.0 | ||
| 008 | 080324t20072006nyuab j 000 0 spa d | ||
| 020 | _a9780545037389 (pbk.) | ||
| 020 | _a0545037387 (pbk.) | ||
| 035 | _a(OCoLC)213813671 | ||
| 035 | _z(OCoLC)184821949 | ||
| 040 |
_dUtOrBLW _csjds |
||
| 041 | _aspa | ||
| 049 | _aIFAA | ||
| 099 | _aCHILDREN ESPANOL 599.63 HATKOFF 2007 | ||
| 100 | 1 | _aHatkoff, Isabella. | |
| 240 | 1 | 0 |
_aOwen & Mzee. _lSpanish |
| 245 | 1 | 0 |
_aOwen y Mzee : _bla verdadera historia de una amistad increíble / _ccontada por Isabella Hatkoff, Craig Hatkoff, y la Paula Kahumbu ; con fotografías de Peter Greste. |
| 260 |
_aNew York : _bScholastic Inc., _c2007, c2006. |
||
| 264 | 1 |
_aNew York : _bScholastic Inc., _c2007. |
|
| 264 | 4 | _cc2006 | |
| 300 |
_a1 volume (unpaged) : _bcolor illustrations, color maps ; _c25 x 26 cm |
||
| 336 |
_atext _btxt _2rdacontent |
||
| 337 |
_aunmediated _bn _2rdamedia |
||
| 338 |
_avolume _bnc _2rdacarrier |
||
| 500 | _a"Scholastic en español"--Cover. | ||
| 500 | _aOriginally published in English as: Owen & Mzee, the true story of a remarkable friendship. | ||
| 520 | _aThe true story about a baby hippo and a tortoise who become friends after a natural disaster. | ||
| 526 | 0 |
_aAccelerated Reader _bLG _c5.0 _d0.5 _z105794SP |
|
| 650 | 0 |
_aHippopotamus _xBehavior _zKenya _vJuvenile literature. |
|
| 650 | 0 |
_aAldabra tortoise _xBehavior _zKenya _vJuvenile literature. |
|
| 650 | 0 |
_aSocial behavior in animals _zKenya _vJuvenile literature. |
|
| 650 | 7 |
_aHipopótamos _xHábitos y conducta _zKenia _vLiteratura juvenil. _2bidex |
|
| 650 | 7 |
_aTortuga aldabra _xHábitos y conducta _zKenia _vLiteratura juvenil. _2local |
|
| 650 | 7 |
_aConducta social en animales _zKenia _vLiteratura juvenil. _2bidex |
|
| 700 | 1 | _aHatkoff, Craig. | |
| 700 | 1 |
_aKahumbu, P. _q(Paula) |
|
| 700 | 1 |
_aGreste, Peter, _eillustrator. |
|
| 942 |
_2ddc _cBK |
||
| 999 |
_c17246 _d17246 |
||